[Event "GER S2G2_2010 email"]
[Site "GER email"]
[Date "2010.01.27"]
[Round "?"]
[White "Wuerzebesser, Ray"]
[Black "Wolff, Peter"]
[Result "1/2-1/2"]
[WhiteElo "2026"]
[BlackElo "2017"]
[PlyCount "77"]
[EventDate "2010.02.01"]
[EventType "tourn (corr)"]
[EventRounds "6"]
[EventCountry "GER"]
[SourceTitle "Corr 2013"]
[Source "ChessBase"]
[SourceDate "2012.11.12"]
[SourceVersion "1"]
[SourceVersionDate "2012.11.12"]
[SourceQuality "1"]

1. e4 c6 2. d4 d5 3. Nc3 dxe4 4. Nxe4 Bf5 5. Ng3 Bg6 6. h4 h6 7. Nf3 Nd7 8. h5 Bh7 9. Bd3 Bxd3 10. Qxd3 e6 11. Bf4 Qa5+ 12. Bd2 Bb4 13. c3 Be7 14. c4 Qc7 15. 0-0-0 Ngf6 16. Kb1 0-0 17. Rhe1 b5 18. cxb5 cxb5 19. Nf5 exf5 20. Rxe7 Qd6 21. Re2 Ne4 22. Qxb5 Rfe8 23. Rc1 Rab8 24. Qd3 Nb6 25. g3 Nd5 26. Be1 Rb7 27. Rec2 Nb4 28. Bxb4 Qxb4 29. a3 Qb6 30. Ka1 Rd8 31. Qe3 Rd5 32. Rc8+ Kh7 33. R1c2 Rb5 34. b4 a5 35. R2c6 Qa7 36. d5 Qxe3 37. fxe3 Rxd5 38. R6c7 Rxc7 39. Rxc7 1/2-1/2

[Event "GER-Cup17 qual-12 Server email"]
[Site "GER email"]
[Date "2009.01.02"]
[Round "?"]
[White "Wuerzebesser, Ray"]
[Black "Wolff, Peter"]
[Result "1-0"]
[WhiteElo "2034"]
[BlackElo "1971"]
[PlyCount "145"]
[EventDate "2008.??.??"]
[EventType "tourn (corr)"]
[EventRounds "6"]
[EventCountry "GER"]
[SourceTitle "Corr 2011"]
[Source "ChessBase"]
[SourceDate "2010.08.31"]
[SourceVersion "1"]
[SourceVersionDate "2010.08.31"]
[SourceQuality "1"]

1. e4 c6 2. d4 d5 3. e5 Bf5 4. Nf3 e6 5. Be2 Ne7 6. 0-0 c5 7. c4 Nbc6 8. Na3 Ng6 9. Be3 cxd4 10. Nxd4 Bxa3 11. bxa3 Nge7 12. Nxc6 Nxc6 13. cxd5 Qxd5 14. Qxd5 exd5 15. Rfd1 Rd8 16. Bc5 f6 17. exf6 gxf6 18. Bf3 Be6 19. Re1 Kd7 20. Rad1 Rhe8 21. Kf1 d4 22. Bxd4 Bc4+ 23. Be2 Rxe2 24. Bxf6+ Rd2+ 25. Kg1 Kc7 26. Bxd8+ Rxd8 27. Rxd8 Kxd8 28. Rb1 b6 29. Rc1 Na5 30. Rc2 Bf7 31. f4 Nc4 32. a4 h5 33. Re2 Kd7 34. Kf2 Nd6 35. Ke3 Bc4 36. Rc2 Be6 37. g3 Bf5 38. Rc3 Be6 39. a3 Nc4+ 40. Kd4 Na5 41. Ke5 Bg4 42. f5 Nb7 43. Kf4 Nd6 44. Rd3 Ke7 45. Rd5 Nf7 46. a5 Ke8 47. a4 Ke7 48. axb6 axb6 49. Rd4 Ke8 50. Rb4 Bd1 51. h3 Kf8 52. g4 hxg4 53. hxg4 Kg7 54. g5 Bc2 55. g6 Nh6 56. Rxb6 Bxf5 57. Kg5 Be4 58. Re6 Bc2 59. Re7+ Kf8 60. Rc7 Bxg6 61. Kxg6 Ng4 62. a5 Ke8 63. a6 Kd8 64. Rc5 Kd7 65. a7 Kd6 66. Rh5 Ne5+ 67. Kf5 Nc4 68. a8Q Kc7 69. Ke6 Ne5 70. Rxe5 Kb6 71. Rh5 Kc7 72. Qa7+ Kc6 73. Rc5# 1-0